[Event "19th Prague Open-A 2020"]
[Site "Prague"]
[Date "2020.01.12"]
[Round "4.1"]
[White "Quesada Perez, Luis Ernesto"]
[Black "Peng, Hongchi"]
[Result "1-0"]
[WhiteElo "2491"]
[BlackElo "2362"]
[Annotator "TA"]
[PlyCount "69"]
[EventDate "2020.01.10"]
[EventType "swiss"]
[EventCountry "CZE"]
[SourceTitle "playchess.com"]
[Source "ChessBase"]
[SourceQuality "1"]

{[%evp 9,69,33,113,0,0,0,0,-169,-7,1,37,31,47,49,41,41,45,27,41,39,29,38,39,39,41,43,18,18,41,40,45,43,302,311,312,305,287,309,302,295,308,301,300,291,295,293,281,301,279,266,390,391,473,462,469,458,598,591,789,539,1066,1066]} 1. d4 d5 2. c4 c5 3. cxd5 Qxd5 4. Nf3 cxd4 5. Nc3 Qd8 (5... Qa5 $14 6. Qxd4 Nc6) 6. Nxd4 {D06: Queen's Gambit: Symmetrical and Baltic Defences} (6. Qxd4 $16 Bd7 7. e4) (6. Qxd4 Qxd4 7. Nxd4 Nf6 8. Ndb5 Na6 9. Bf4 g6 10. g3 Bg7 11. Bg2 O-O 12. O-O Ng4 13. Rad1 Nb4 {1-0 (30) Soysal,S (2431)-Jijo,J (2053) Paracin 2019}) 6... e5 $11 7. Ndb5 a6 $1 8. Qxd8+ {The position is equal.} Kxd8 9. Na3 $1 ({Wrong is} 9. Bg5+ $2 f6 $19) 9... b5 10. Nc2 Bb7 11. f3 f5 $146 ({Predecessor:} 11... Nd7 12. e4 Rc8 13. Ne3 Bb4 {1-0 (50) Eriksson,J (2207)-Sofiev,A (2162) Helsinki 2008}) 12. g3 Nd7 13. Bh3 g6 14. e4 b4 15. Bg5+ Ke8 16. Na4 Bc6 17. b3 fxe4 18. fxe4 h6 19. Bd2 Bxe4 20. O-O {Black must now prevent Bxd7+.} Rb8 $2 {[%mdl 8192] [#]} ({Better is} 20... Bxc2 $14 21. Bxd7+ Kxd7) 21. Bxd7+ $1 $18 Kxd7 {[#]} 22. Rxf8 $1 {[%mdl 576] Remove Defender} Rxf8 23. Nc5+ {[%mdl 64] Double Attack} Kc6 24. Nxe4 a5 25. Ne3 Nf6 26. Rc1+ Kd7 27. Nc5+ Ke7 28. Nc4 Rc8 29. Nxe5 Rhg8 (29... Rhd8 $142) 30. Re1 Kd6 31. Nb7+ {White is clearly winning.} Kd5 32. Nc4 Kd4 33. Rd1 {Threatening mate with Bg5+.} Kd3 34. Be3+ Ke2 35. Rd2+ {Accuracy: White = 85%, Black = 59%.} 1-0

[Event "19th Prague Open-A 2020"]
[Site "Prague"]
[Date "2020.01.12"]
[Round "4.2"]
[White "Cernousek, Lukas"]
[Black "Sharma Isha"]
[Result "1/2-1/2"]
[WhiteElo "2447"]
[BlackElo "2169"]
[Annotator "TA"]
[PlyCount "88"]
[EventDate "2020.01.10"]
[EventType "swiss"]
[EventCountry "CZE"]
[SourceTitle "playchess.com"]
[Source "ChessBase"]
[SourceQuality "1"]

{[%evp 22,88,39,16,27,20,28,27,18,24,18,24,15,30,50,48,60,50,56,-12,-15,-9,0,-33,-30,-21,-29,-73,-65,-62,-38,-47,0,0,0,-46,-43,-125,-8,-28,-15,-106,-120,-95,-73,-183,-183,-171,-66,-66,-66,-66,-66,-66,-66,-58,2,0,0,0,0,0,0,0,0,0,0,0,0]} 1. d4 Nf6 2. c4 d6 3. Nf3 g6 4. g3 Bg7 5. Bg2 O-O 6. O-O Nc6 7. Nc3 e5 8. dxe5 Nxe5 9. Nxe5 dxe5 10. Qxd8 Rxd8 11. Bg5 Rd4 12. Nd5 Nxd5 {E62: King's Indian: Fianchetto: 6...c6 and Panno Variation (6...Nc6) without ...a6} 13. cxd5 e4 14. Rfd1 Bf5 {White has an edge.} 15. Rxd4 Bxd4 16. Rc1 f6 (16... Be5 17. b3 f6 18. Bf4 Bxf4 19. gxf4 Rd8 20. e3 Rxd5 {1-0 (41) Svidler,P (2723)-Yuffa,D (2566) Moscow 2019}) 17. Bf4 Rd8 18. Rxc7 $146 ({Predecessor:} 18. h3 g5 19. Bxc7 Rxd5 20. g4 Bg6 21. b4 Bb2 22. Rc2 Ba3 {½-½ (22) Krogius,N-Roos,M Le Havre 1966}) 18... g5 19. Be3 Rxd5 20. g4 (20. Rxb7 $14 Bb6 21. Bf1 (21. Bxb6 {gets mated.} Rd1+ 22. Bf1 Bh3 23. Rb8+ Kg7 24. Rb7+ Kg6 25. Rg7+ Kxg7 26. Bxa7 Rxf1#)) 20... Be5 $11 21. Rc1 $132 {[%mdl 2048] White is fighting back} Bg6 22. b4 a5 23. a3 a4 24. f3 Rd8 25. fxe4 Bf7 (25... Bb2 $5 {[%cal Rb2c1]} 26. Rf1 Bxa3 $15) 26. b5 Bb2 {[%mdl 1024] Black has compensation.} 27. Rb1 $1 {[%cal Rb1b2]} Be5 28. Rc1 Bb3 29. b6 {[#]} (29. Bb6 $15 Rd2 30. Bf3) 29... Kf7 ({Black should try} 29... Bb2 $1 $17 {[%cal Rb2c1]} 30. Rc7 Bxa3) 30. Kf2 Ke6 31. Bc5 (31. Rc5 $11) 31... Rc8 $17 {Strongly threatening ...Rxc5!} 32. Be3 Bc2 33. Rh1 (33. h4 $17) 33... Rc3 $19 34. h4 h6 ({Black should play} 34... Rxa3 $19 {And now ...gxh4 would win.} 35. hxg5 {[#]} Rxe3 $1 {[%mdl 512]} 36. Kxe3 a3) 35. hxg5 $15 hxg5 36. Rh7 $1 Rxa3 37. Rxb7 Rb3 38. Ra7 a3 (38... Rb5 $1 $15) 39. Bc5 {[%csl Gc5][%cal Ra7e7] The position is equal.} Bg3+ 40. Kg1 {[%csl Gc5][%cal Ra7e7]} Rb1+ $1 41. Bf1 {[%csl Gc5][%cal Ra7e7]} Bxe4 42. Rxa3 Bf4 43. Kf2 Bd6 44. Bxd6 Kxd6 {Accuracy: White = 46%, Black = 56%.} 1/2-1/2

[Event "19th Prague Open-A 2020"]
[Site "Prague"]
[Date "2020.01.12"]
[Round "4.3"]
[White "Domogaev, Sergey"]
[Black "Stankovic, Milos"]
[Result "0-1"]
[WhiteElo "2334"]
[BlackElo "2466"]
[Annotator "TA"]
[PlyCount "102"]
[EventDate "2020.01.10"]
[EventType "swiss"]
[EventCountry "CZE"]
[SourceTitle "playchess.com"]
[Source "ChessBase"]
[SourceQuality "1"]

{[%evp 14,102,-2,-10,-8,-10,-16,-18,-6,-37,-38,-69,-24,-33,-31,-50,-18,-27,-11,-16,-6,-44,-4,-9,0,0,0,0,0,0,0,0,0,0,0,0,0,0,0,-42,-34,-50,-18,-18,-6,-6,0,-36,0,-5,-19,-18,-4,-7,-10,-81,-57,-64,-54,-54,-43,-37,-34,-50,-44,-68,-66,-72,-37,-48,0,0,-8,-106,-106,-101,-98,-95,-101,-101,-92,-97,-34,-59,0,-102,-102,-103,-98,-339,-329]} 1. Nf3 Nf6 2. c4 g6 3. Nc3 d5 4. Qa4+ Bd7 5. Qb3 dxc4 6. Qxc4 Bg7 7. d4 O-O 8. e4 b5 {D90: Grünfeld: 4 Nf3 Bg7 sidelines} 9. Nxb5 Nxe4 10. Qxc7 Nc6 {White should prevent ...Nxd4!The position is equal.} 11. Qxd8 (11. Bd3 Nb4 12. Bxe4 Bxb5 13. Qxd8 Raxd8 14. Bd2 Nd3+ 15. Bxd3 Bxd3 16. Bc3 {½-½ (61) Kozul,Z (2632)-Ruck,R (2577) Slovenia 2014}) 11... Rfxd8 12. Be2 $146 ({Predecessor:} 12. Bd3 Nc5 13. Bc4 Na5 14. Be2 Ncb3 15. axb3 Nxb3 16. Rb1 {½-½ (31) Machelett,H (2376)-Zezulkin,J (2529) Germany 2001}) 12... Nb4 {[%mdl 1024] Black has compensation.} (12... a6 $5 {[%cal Ra6b5]} 13. Nc3 Nb4 $15) 13. Na3 Be6 14. Be3 Nd5 15. Bd3 Bf5 16. Bc4 Rab8 17. Bb3 Nxe3 18. fxe3 Bh6 19. Ke2 Be6 20. Bxe6 Rxb2+ ({Much worse is} 20... fxe6 $6 21. Nc4 $16) 21. Kd3 Nc5+ $1 {[%mdl 64] Double Attack} 22. Kc3 Na4+ 23. Kd3 {aiming for Bb3.} Nc5+ 24. Kc3 Na4+ 25. Kd3 {Hoping for Bb3.} fxe6 26. Nc4 Rxg2 {Threatens to win with ...Nc5+.} 27. Rhg1 $1 {[%cal Rg1g2]} Nc5+ 28. Kc3 Ne4+ 29. Kd3 Nc5+ 30. Kc3 Ne4+ (30... Rf2 {with more complications.} 31. Nfe5 Ne4+ 32. Kd3 Nf6 33. h4 Rf5) 31. Kd3 $132 {[%mdl 2048] White is not holding back} Rxg1 32. Rxg1 Nd6 33. Nce5 Rb8 34. Rg2 (34. Rc1 $11 {keeps the balance.}) 34... Rb4 35. Kc3 Rb6 36. Re2 Nb5+ 37. Kc4 Nc7 38. e4 Ne8 39. Nd7 Nd6+ 40. Kc3 Rb1 41. Nc5 Rf1 42. Ne5 Bg7 43. Nxe6 {[#]} (43. Nc6 $1 $11) 43... Nb5+ $1 $17 44. Kc4 Nxd4 $1 {[%mdl 64] Remove Defender} 45. Nxd4 Bxe5 {[%mdl 4096] Endgame KRB-KRN} 46. Nc6 {[#]} Rc1+ $1 47. Kb5 Rb1+ (47... Bd6 $17 {Strongly threatening ...Rc5+.} 48. Nxa7 Rc5+ 49. Ka6 Rh5) 48. Kc4 $1 $15 Rc1+ (48... Bd6 $15 49. Nxa7 Rc1+ 50. Kb3 Kf7) 49. Kd5 (49. Kb5 $1 $11 {remains equal.} Rb1+ 50. Kc4 Rc1+) 49... Bd6 $17 {...Rc5+ is the strong threat.} 50. Nxa7 Rc5+ 51. Ke6 $2 (51. Kd4 $17 {was forced.} e5+ 52. Ke3) 51... Bb8 {Accuracy: White = 48%, Black = 52%.} 0-1

[Event "19th Prague Open-A 2020"]
[Site "Prague"]
[Date "2020.01.12"]
[Round "4.4"]
[White "Budnikov, Oleg"]
[Black "Pushkov, Nikolai"]
[Result "1/2-1/2"]
[WhiteElo "2432"]
[BlackElo "2239"]
[Annotator "ChessBase"]
[PlyCount "86"]
[EventDate "2020.01.10"]
[EventType "swiss"]
[EventCountry "CZE"]
[SourceTitle "playchess.com"]
[Source "ChessBase"]
[SourceQuality "1"]
[TimeControl "40/5400+30:1800+30"]

1. e4 {[%emt 0:10:15]} e6 {[%emt 0:00:00]} 2. d4 {[%emt 0:00:15]} d5 {[%emt 0:00:00]} 3. Nc3 {[%emt 0:00:04]} dxe4 {[%emt 0:00:47]} 4. Nxe4 {[%emt 0:00:07]} Nd7 {[%emt 0:00:10]} 5. Bd3 {[%emt 0:00:17]} Ngf6 {[%emt 0:00:11]} 6. Qe2 {[%emt 0:00:08]} c5 {[%emt 0:00:52]} 7. Nxf6+ {[%emt 0:00:13]} Nxf6 {[%emt 0:00:14]} 8. dxc5 {[%emt 0:00:23]} Bxc5 {[%emt 0:01:25]} 9. Nf3 {[%emt 0:00:10]} Qc7 {[%emt 0:03:57]} 10. Bd2 {[%emt 0:01:18]} O-O {[%emt 0:04:49]} 11. O-O-O {[%emt 0:00:11]} b6 {[%emt 0:00:13]} 12. Bc3 {[%emt 0:01:58]} Bb7 {[%emt 0:00:23]} 13. Be5 {[%emt 0:03:02]} Qe7 {[%emt 0:01:09]} 14. h4 {[%emt 0:00:29]} Rfd8 {[%emt 0:02:02]} 15. Rh3 {[%emt 0:01:12]} Bd6 {[%emt 0:02:31]} 16. Rg3 {[%emt 0:07:31]} Bxf3 {[%emt 0:03:45]} 17. gxf3 {[%emt 0:00:48]} Bxe5 {[%emt 0:00:09]} 18. Qxe5 {[%emt 0:00:05]} Rd5 {[%emt 0:00:47]} 19. Bxh7+ {[%emt 0:00:20]} Kf8 {[%emt 0:02:45]} 20. Rxd5 {[%emt 0:02:16]} exd5 {[%emt 0:00:04]} 21. Qxe7+ {[%emt 0:00:13]} Kxe7 {[%emt 0:00:07]} 22. Bd3 {[%emt 0:00:39]} g6 {[%emt 0:02:05]} 23. f4 {[%emt 0:00:33]} Rh8 {[%emt 0:00:15]} 24. f5 {[%emt 0:05:15]} gxf5 {[%emt 0:00:25]} 25. Bxf5 {[%emt 0:01:40]} Rxh4 {[%emt 0:00:10]} 26. Ra3 {[%emt 0:00:14]} a5 {[%emt 0:00:12]} 27. Rb3 {[%emt 0:00:04]} Rf4 {[%emt 0:00:42]} 28. Bd3 {[%emt 0:00:10]} Nd7 {[%emt 0:01:15]} 29. Bb5 {[%emt 0:00:21]} Nc5 {[%emt 0:00:30]} 30. Re3+ {[%emt 0:00:07]} Kd6 {[%emt 0:00:05]} 31. f3 {[%emt 0:00:30]} d4 {[%emt 0:01:26]} 32. Re8 {[%emt 0:00:10]} Rxf3 {[%emt 0:00:22]} 33. Rd8+ {[%emt 0:00:06]} Ke5 {[%emt 0:00:38]} 34. Bc4 {[%emt 0:00:11]} f5 {[%emt 0:03:44]} 35. Rd5+ {[%emt 0:00:22]} Ke4 {[%emt 0:00:04]} 36. Rd6 {[%emt 0:00:10]} Rg3 {[%emt 0:01:51]} 37. b3 {[%emt 0:00:19]} d3 {[%emt 0:01:29]} 38. cxd3+ {[%emt 0:01:42]} Nxd3+ {[%emt 0:00:02]} 39. Kd2 {[%emt 0:01:03]} Rg2+ {[%emt 0:03:23]} 40. Kc3 {[%emt 0:00:28]} Nb4 {[%emt 0:00:28]} 41. Re6+ {[%emt 0:30:19]} Kf4 {[%emt 0:30:07]} 42. a3 {[%emt 0:00:41]} Rc2+ {[%emt 0:09:21]} 43. Kd4 {[%emt 0:03:20]} Rd2+ {[%emt 0:00:10] Ke4+ Ke5+} 1/2-1/2

[Event "19th Prague Open-A 2020"]
[Site "Prague"]
[Date "2020.01.12"]
[Round "4.5"]
[White "Czerw, Dawid"]
[Black "Low, Zhen Yu Cyrus"]
[Result "1/2-1/2"]
[WhiteElo "2262"]
[BlackElo "2415"]
[Annotator "TA"]
[PlyCount "147"]
[EventDate "2020.01.10"]
[EventType "swiss"]
[EventCountry "CZE"]
[SourceTitle "playchess.com"]
[Source "ChessBase"]
[SourceQuality "1"]

{[%evp 10,147,31,12,22,6,6,8,8,6,22,10,31,9,24,0,11,11,0,-10,11,0,33,30,29,31,26,0,0,0,0,0,20,0,10,0,0,0,2,0,1,0,12,0,4,0,20,16,10,5,5,5,7,7,8,0,9,0,12,0,14,0,0,0,0,0,0,0,0,0,0,0,0,0,0,-5,-6,-8,0,0,0,0,0,0,0,0,0,0,0,0,0,0,0,0,0,0,0,0,0,0,0,0,0,0,0,0,0,0,0,0,0,0,0,0,0,0,0,0,0,0,0,0,0,0,0,0,0,0,0,0,0,0,0,0,0,0,0,0,0,0]} 1. d4 Nf6 2. c4 g6 3. Nc3 d5 4. Bf4 Bg7 5. e3 O-O 6. Rc1 Be6 {D83: Grünfeld: 4 Bf4 Bg7 5 e3 0-0} 7. cxd5 Nxd5 8. Nxd5 Qxd5 (8... Bxd5 9. Bxc7 Qd7 10. Nf3 Nc6 11. Bg3 Rac8 12. Bb5 a6 13. Bxc6 Rxc6 14. b3 Rxc1 15. Qxc1 {½-½ (28) So,W (2780)-Wei,Y (2729) chess.com INT 2018}) 9. b3 c6 10. Nf3 Nd7 11. Bc4 Qf5 $146 ({Predecessor:} 11... Qa5+ 12. Qd2 Qxd2+ 13. Nxd2 Bxc4 14. Nxc4 {½-½ (28) Landaw,M (2106)-Chakraborty,D (2174) Las Vegas 2014}) 12. Bd3 Qa5+ 13. Qd2 Qxd2+ 14. Nxd2 Rac8 15. Ke2 Nf6 16. Be5 Rfd8 17. Rhd1 Bf8 18. Bxf6 exf6 {The position is equal.} 19. Ne4 f5 20. Nc5 Bxc5 (20... Rc7 {is more complex.} 21. g3 Bc8 22. Kf1 Be6 23. Ke2) 21. dxc5 Kf8 22. Bc4 Rxd1 23. Kxd1 $11 {[%mdl 4096] Endgame KRB-KRB} Ke7 24. Ke2 Rd8 25. Bxe6 Kxe6 {KR-KR} 26. h4 Ke5 27. g3 f6 28. Rc4 Rd5 29. b4 Rd8 30. Rc1 h6 31. Rb1 Rd7 32. Rc1 g5 33. Rc4 Rd8 34. f4+ Ke6 35. h5 Rg8 36. Kf2 a5 37. a3 axb4 38. Rxb4 Rg7 39. Rd4 Rg8 40. Rb4 Rb8 41. Rd4 Ra8 42. fxg5 hxg5 43. Rb4 Ra7 44. e4 Rxa3 45. exf5+ Kxf5 46. g4+ Ke5 47. Rxb7 Rc3 48. h6 Rh3 49. h7 Kd5 50. Rf7 (50. Rd7+ {seems wilder.} Ke6 51. Ra7 Kd5 52. Rd7+) 50... Rh6 51. Kg3 Kxc5 52. Rxf6 (52. Rd7 {looks sharper.} Kb4 53. Kf3 c5 54. Rb7+ Kc3 55. Ke3) 52... Rxh7 53. Rf5+ Kd4 {Hoping for ...Rg7.} 54. Rxg5 c5 55. Rg8 Rc7 56. Rd8+ Ke4 57. Re8+ Kd3 58. Rd8+ Ke3 59. Re8+ Kd2 60. Rd8+ Kc1 61. g5 c4 62. Kg4 c3 63. Rh8 c2 64. Rh2 Kb1 {[#]} (64... Kd1 {with more complications.} 65. Rh1+ Ke2 66. g6 Rc8 67. Kf5 c1=Q) 65. Rxc2 $1 {[%mdl 512]} Kxc2 {KR-KP} 66. Kf5 Rc5+ 67. Kf6 Rc6+ 68. Kf7 Kd3 69. g6 Ke4 70. g7 Kf5 71. g8=Q Rc7+ 72. Kf8 {[#] White wants to mate with Qd5+.} Rc8+ 73. Kf7 Rxg8 74. Kxg8 {Accuracy: White = 61%, Black = 66%.} 1/2-1/2

[Event "19th Prague Open-A 2020"]
[Site "Prague"]
[Date "2020.01.12"]
[Round "4.6"]
[White "Lalic, Bogdan"]
[Black "Vignesh B"]
[Result "1/2-1/2"]
[WhiteElo "2402"]
[BlackElo "1912"]
[Annotator "ChessBase"]
[PlyCount "39"]
[EventDate "2020.01.10"]
[EventType "swiss"]
[EventCountry "CZE"]
[SourceTitle "playchess.com"]
[Source "ChessBase"]
[SourceQuality "1"]
[TimeControl "40/5400+30:1800+30"]

1. d4 {[%emt 0:01:33]} Nf6 {[%emt 0:00:00]} 2. c4 {[%emt 0:00:20]} e6 {[%emt 0:00:00]} 3. Nf3 {[%emt 0:00:07]} Bb4+ 4. Nbd2 O-O {[%emt 0:00:05]} 5. a3 {[%emt 0:00:15]} Be7 {[%emt 0:00:06]} 6. e4 {[%emt 0:00:10]} d5 {[%emt 0:00:06]} 7. e5 {[%emt 0:00:11]} Nfd7 {[%emt 0:00:06]} 8. Bd3 {[%emt 0:00:10]} c5 {[%emt 0:00:52]} 9. O-O {[%emt 0:00:08]} Nc6 {[%emt 0:01:06]} 10. Re1 {[%emt 0:00:11]} dxc4 {[%emt 0:02:59]} 11. Nxc4 {[%emt 0:00:49]} cxd4 {[%emt 0:04:05]} 12. b4 {[%emt 0:02:12]} b5 {[%emt 0:20:39]} 13. Be4 {[%emt 0:02:43]} Bb7 {[%emt 0:03:02]} 14. Nxd4 {[%emt 0:02:07]} Nxd4 {[%emt 0:02:14]} 15. Bxb7 {[%emt 0:00:07]} Rb8 {[%emt 0:05:18]} 16. Na5 {[%emt 0:17:23]} Nc5 {[%emt 0:11:06]} 17. Bf3 {[%emt 0:02:27]} Rc8 {[%emt 0:07:26]} 18. Be3 {[%emt 0:08:50]} Nd3 {[%emt 0:00:10]} 19. Bxd4 {[%emt 0:11:31]} Nxe1 {[%emt 0:00:53]} 20. Be4 {[%emt 0:00:08]} 1/2-1/2

[Event "19th Prague Open-A 2020"]
[Site "Prague"]
[Date "2020.01.12"]
[Round "4.7"]
[White "Svanda, Ondrej"]
[Black "Quesada Vera, Liordis"]
[Result "0-1"]
[WhiteElo "2257"]
[BlackElo "2386"]
[Annotator "ChessBase"]
[PlyCount "58"]
[EventDate "2020.01.10"]
[EventType "swiss"]
[EventCountry "CZE"]
[SourceTitle "playchess.com"]
[Source "ChessBase"]
[SourceQuality "1"]
[TimeControl "40/5400+30:1800+30"]

1. e4 {[%emt 0:00:00]} d6 {[%emt 0:00:00]} 2. d4 {[%emt 0:00:00]} Nf6 {[%emt 0:00:00]} 3. Nc3 {[%emt 0:00:00]} Nbd7 {[%emt 0:00:00]} 4. Nf3 {[%emt 0:00:49]} e5 {[%emt 0:00:01]} 5. Bc4 {[%emt 0:00:37]} Be7 {[%emt 0:00:09]} 6. O-O {[%emt 0:00:18]} O-O {[%emt 0:00:05]} 7. a4 {[%emt 0:00:07]} c6 {[%emt 0:00:09]} 8. Re1 {[%emt 0:03:11]} Qc7 {[%emt 0:01:08]} 9. h3 {[%emt 0:05:50]} h6 {[%emt 0:04:57]} 10. Be3 {[%emt 0:02:42]} Rd8 {[%emt 0:04:27]} 11. Qb1 {[%emt 0:03:08]} exd4 {[%emt 0:09:28]} 12. Bxd4 {[%emt 0:08:05]} Ne5 {[%emt 0:00:25]} 13. Nxe5 {[%emt 0:01:58]} dxe5 {[%emt 0:00:14]} 14. Be3 {[%emt 0:00:03]} Bb4 {[%emt 0:00:35]} 15. f3 {[%emt 0:01:02]} Qe7 {[%emt 0:19:17]} 16. Qa2 {[%emt 0:04:45]} Rf8 {[%emt 0:13:05]} 17. Qb3 {[%emt 0:03:24]} Nh5 {[%emt 0:01:14]} 18. Red1 {[%emt 0:04:19]} Nf4 {[%emt 0:16:34]} 19. Ne2 {[%emt 0:05:44]} b5 {[%emt 0:18:58]} 20. axb5 {[%emt 0:01:22]} cxb5 {[%emt 0:00:02]} 21. Bxb5 {[%emt 0:01:23]} Rb8 {[%emt 0:00:50]} 22. Bxf4 {[%emt 0:23:59]} exf4 {[%emt 0:01:33]} 23. Qd3 {[%emt 0:00:05]} Qg5 {[%emt 0:01:53]} 24. Nd4 {[%emt 0:07:38]} Bc5 {[%emt 0:01:01]} 25. Bc4 {[%emt 0:02:24]} Bxh3 {[%emt 0:01:31]} 26. Rd2 {[%emt 0:00:13]} Rxb2 {[%emt 0:00:52]} 27. c3 {[%emt 0:04:47]} Rfb8 {[%emt 0:01:10]} 28. Qe2 {[%emt 0:01:51]} Bxg2 {[%emt 0:00:42]} 29. Rxb2 {[%emt 0:00:38]} Bxf3+ {[%emt 0:00:07]} 0-1

[Event "19th Prague Open-A 2020"]
[Site "Prague"]
[Date "2020.01.12"]
[Round "4.8"]
[White "Riha, Vojtech"]
[Black "Malovanyi, Yulian"]
[Result "1/2-1/2"]
[WhiteElo "2247"]
[BlackElo "2360"]
[Annotator "TA"]
[PlyCount "73"]
[EventDate "2020.01.10"]
[EventType "swiss"]
[EventCountry "CZE"]
[SourceTitle "playchess.com"]
[Source "ChessBase"]
[SourceQuality "1"]

{[%evp 9,73,11,18,20,20,10,23,20,36,18,65,13,20,-23,-20,-47,0,-11,0,-46,-49,-38,-18,-24,-21,-61,-59,-87,-93,-160,-155,-139,-163,-191,-70,-93,0,0,0,0,0,0,0,0,0,0,0,0,0,0,0,0,752,759,768,0,0,0,0,0,0,0,0,0,0,0]} 1. e4 c5 2. b4 b6 3. bxc5 bxc5 4. Nc3 d6 (4... Nc6 5. Nf3 g6 6. Bc4 Bg7 7. O-O e6 8. Rb1 Nge7 9. d4 O-O 10. Ne2 d5 11. exd5 exd5 12. Bb5 Nxd4 13. Nexd4 cxd4 14. Nxd4 {½-½ (20) Senders,M (2289)-Martinovic,S (2543) Split 2019}) 5. Bb5+ $146 ({Predecessor:} 5. Nf3 Nf6 6. Bc4 g6 7. O-O Bg7 8. Rb1 O-O 9. d3 Nc6 10. Bg5 Bg4 11. Bd5 Bxf3 12. Qxf3 {0-1 (33) Burrows,N (1868)-Vijayakumar,A (1630) London 2015}) 5... Bd7 6. Nf3 {B20: Sicilian: Unusual White 2nd moves} g6 7. O-O Bg7 {Strongly threatening ...Bxb5.} 8. Rb1 {[%cal Ba1b1,Bb1b5,Bb5b6,Bb6d6][%mdl 32] White has an edge.} Nc6 9. Re1 e6 10. Bxc6 (10. d4 $14) 10... Bxc6 $11 11. e5 Ne7 12. Nb5 Bxb5 13. Rxb5 O-O 14. Bb2 Qd7 15. c4 a6 16. Rb6 d5 17. cxd5 Nxd5 18. Rd6 Qb5 19. Qc2 ({White should play} 19. Ba1) 19... Nb4 $1 $17 {[%cal Rb4c2]} 20. Qe4 Nxa2 21. Bc3 Nb4 (21... a5 $19 {...a4 is the strong threat.} 22. Rb1 Nb4) 22. h4 $1 $15 {[#]} Rad8 {[#]} (22... h6 $1 $17 23. Rb1 a5) 23. h5 $1 $11 {[%mdl 512] Black must now prevent hxg6.} Nd5 $1 (23... gxh5 24. Ng5) 24. Rb1 Nxc3 25. dxc3 Rxd6 26. exd6 Qd7 27. Rb6 Bxc3 28. Rxa6 Bg7 29. Ne5 Qb5 30. Ra8 $1 f5 $2 {[%mdl 8192]} (30... Bxe5 $11 31. Rxf8+ Kxf8 32. Qxe5 Ke8) 31. Rxf8+ $18 Bxf8 {[#]} 32. Qa8 $2 (32. Qh4 $1 $18 Qb1+ 33. Kh2) 32... Qe2 $11 {The position is equal.} 33. d7 Qd1+ $1 ({Don't go for} 33... Qe1+ $2 34. Kh2 $18) 34. Kh2 {Intending g3 and mate.} Qxh5+ 35. Kg1 Qd1+ 36. Kh2 Qh5+ 37. Kg1 {Accuracy: White = 55%, Black = 58%.} 1/2-1/2

[Event "19th Prague Open-A 2020"]
[Site "Prague"]
[Date "2020.01.12"]
[Round "4.9"]
[White "Wiley, Tom E"]
[Black "Vokac, Marek"]
[Result "0-1"]
[WhiteElo "2170"]
[BlackElo "2334"]
[Annotator "TA"]
[PlyCount "98"]
[EventDate "2020.01.10"]
[EventType "swiss"]
[EventCountry "CZE"]
[SourceTitle "playchess.com"]
[Source "ChessBase"]
[SourceQuality "1"]

{[%evp 17,98,13,17,17,47,20,28,37,58,32,63,47,68,40,66,49,57,49,48,53,68,14,24,27,94,65,118,101,83,-24,-6,-79,-66,-70,-62,-54,0,-22,-26,-25,0,0,0,0,0,0,0,-9,0,0,0,0,0,-12,-6,-114,-114,-114,-114,-114,-114,-114,-114,-114,-114,-114,-114,-114,-107,-107,-107,-107,-107,-108,-107,-107,-107,-1159,-1000,-5539,-5114,-5106,-5069]} 1. d4 g6 2. c4 Nf6 3. Nc3 Bg7 4. e4 d6 5. Nf3 O-O 6. Be2 e5 7. d5 a5 8. Bg5 h6 9. Bh4 Qe8 10. Nd2 {E92: King's Indian: Classical: 6 Be2 e5: 7 dxe5, 7 Be3 and Petrosian System without 7...Nbd7} h5 11. Bg5 Nh7 12. Be3 {White has an edge.} Qe7 $146 ({Predecessor:} 12... f5 13. f3 h4 14. c5 h3 15. g3 f4 16. Bf2 fxg3 17. hxg3 dxc5 18. Bxc5 {1-0 (34) Indjic,A (2430)-Markovic,M (2480) Vrnjacka Banja 2012}) 13. O-O (13. c5 $5) 13... Nd7 14. a3 b6 15. Rc1 Bf6 16. b4 axb4 17. axb4 Bg5 18. Bxg5 Nxg5 19. Nb3 (19. Qc2 $14) 19... h4 20. Qd2 Kg7 (20... f5 $11) 21. f3 f5 (21... Bb7 $14) 22. exf5 $16 Rxf5 23. f4 (23. Rce1 $16) 23... Rxf4 $1 $11 24. Rxf4 (24. h3 $1 $11 {remains equal.}) 24... exf4 $17 25. Qxf4 Ne5 26. Nd4 Bd7 (26... h3 $1 $15) 27. Ne4 Nxe4 28. Qxe4 Rf8 29. Rf1 Rxf1+ 30. Bxf1 Qf6 31. Be2 Qg5 32. Nf3 Qc1+ 33. Bf1 Nxf3+ 34. Qxf3 Qe1 35. Qf4 Bf5 36. c5 (36. b5 $11) 36... Qe4 37. Qxe4 Bxe4 38. cxb6 cxb6 {[%mdl 4096] Endgame KB-KB} 39. Kf2 Kf6 $1 40. Ke3 {[#]} Ke5 $1 41. g3 hxg3 ({Of course not} 41... Kxd5 $6 42. gxh4 Bf5 43. Be2 $11) 42. hxg3 Bxd5 43. Bd3 g5 44. Bg6 Be6 45. Bh7 d5 46. Bg6 Bf5 47. Bh5 $2 {[%mdl 8192]} (47. Be8 $17) 47... d4+ $19 {Black is clearly winning.} 48. Ke2 {[#]} Kd5 $1 {[%cal Rd5c4]} 49. Bf7+ Be6 {Accuracy: White = 33%, Black = 52%.} 0-1